Biodiversidad y recursos Genéticos : (Registro nro. 5561)

Detalles MARC
000 -CABECERA
Campo de control 00807nam a2200253 a 4500
005 - FECHA Y HORA DE LA ULTIMA TRANSACCION
Campo de control 20150326020004.0
008 - ELEMENTOS DE LONGITUD FIJA—INFORMACION GENERAL
Campo de control 150311b2005 ec ||||| |||| 00| 0 spa d
020 ## - ISBN
ISBN 9978225331
040 ## - FUENTE DE CATALOGACIÓN
Agencia catalogadora original CO-BoIAVH
Agencia transcriptora CO-BoIAVH
041 ## - IDIOMA
Código de idioma para texto/pista de sonido o título separado Español
082 04 - NUMERO DE CLASIFICACION DECIMAL DEWEY
Número de clasificación 333.953416
Número del ítem E82b
090 ## - CLASIFICACIÓN LOCAL
Colección LB
Consecutivo 04829
100 1# - ASIENTO PRINCIPAL--NOMBRE PERSONAL
Nombre personal Estrella, Jaime
245 10 - MENCION DE TITULO
Título Biodiversidad y recursos Genéticos :
Parte restante del título una guía para su uso y acceso en el Ecuador
260 ## - PUBLICACION, DISTRIBUCION, ETC. (PIE DE IMPRENTA)
Lugar de publicación, distribución, etc. Quito:
Nombre del editor, distribuidor, etc. EcoCiencia,
-- INIAP,
-- MAE,
-- Abya Yala,
Fecha de publicación, distribución, etc. 2005.
300 ## - DESCRIPCION FISICA
Extensión 116 p.
Dimensiones 28 cm.
650 #4 - ASIENTO SECUNDARIO DE MATERIA - TERMINO TEMATICO
Término temático o nombre geográfico como elemento de entrada Recursos genéticos
Subdivisión general acceso
650 #4 - ASIENTO SECUNDARIO DE MATERIA - TERMINO TEMATICO
Término temático o nombre geográfico como elemento de entrada Recursos genéticos
Subdivisión general conservacion
700 1# - ASIENTO SECUNDARIO - NOMBRE PERSONAL
Nombre personal Manosalvas, Rossana
700 1# - ASIENTO SECUNDARIO - NOMBRE PERSONAL
Nombre personal Mariaca, Jorge
700 1# - ASIENTO SECUNDARIO - NOMBRE PERSONAL
Nombre personal Ribadeneira, Mónica
942 ## - ELEMENTOS ADICIONALES (KOHA)
Tipo de ítem Libro
Sistema de clasificación Dewey Decimal Classification
Koha issues (borrowed), all copies 1
945 ## - PROCESAMIENTO LOCAL
AAAA-MM-DD - Fecha de ingreso o modificacion 2007-05-28
Existencias
Withdrawn status Lost status Sistema de Clasificación Damaged status No para préstamo Colección Inventariado Ubicación Permanente Ubicación actual Fecha de adquisición Fuente de Valor Valor Total Checkouts Número topográfico Inventario / Código de Barras Date last seen Ejemplar Price effective from Forma de adquisición Tipo de material Date checked out
    Dewey Decimal Classification     General Inventariado 2017 Bogotá Bogotá 28/05/2007 Instituto 30000.00   LB-333.953416 E82b 024397 20/03/2015 Ej.1 04/12/2012   Libro  
    Dewey Decimal Classification     General Inventariado 2017 Sala Fabio Quevedo Sala Fabio Quevedo 30/09/2009 Instituto 30000.00 1 LB-333.953416 E82b 027635 25/03/2015 Ej.2 04/12/2012   Libro 25/03/2015